Twitter Biographies Quiz Stats

 Plays Quiz not verified by Sporcle

Score 0/20 Timer 06:00
0 Plays Today
% Correct
Barack Obama
79.7%
Michael Phelps
70.5%
Lance Armstrong
54.8%
Jay Leno
52.6%
Justin Bieber
47.4%
Lady Gaga
45.2%
Emma Watson
40%
50 Cent
38.2%
Perez Hilton
34.8%
Rafael Nadal
28.6%
% Correct
Dalai Lama
26.2%
Avril Lavigne
24%
Ricky Gervais
14.2%
Kim Kardashian
13.8%
Ashton Kutcher
13.2%
Mariah Carey
12.3%
Joe Jonas
11.7%
Piers Morgan
9.5%
Ryan Seacrest
4.3%
Jimmy Kimmel
2.5%

You're not logged in!

Compare scores with friends on all Sporcle quizzes.
OR
Log In

Show Comments

Extras

Top Quizzes Today


Score Distribution

Your Account Isn't Verified!

In order to create a playlist on Sporcle, you need to verify the email address you used during registration. Go to your Sporcle Settings to finish the process.

Report this User

Report this user for behavior that violates our Community Guidelines.

Details: